| 000 | 00911nam a2200253Ia 4500 | ||
|---|---|---|---|
| 003 | OSt | ||
| 005 | 20221005113342.0 | ||
| 006 | a|||||r|||| 00| 0 | ||
| 007 | ta | ||
| 008 | 221004b |||||||| |||| 00| 0 pan d | ||
| 020 |
_a8173804834 (hbk) _cINR 250.00 |
||
| 024 | _a65701 | ||
| 037 |
_bSP/5334, 28/01/2020, Star Publications Pvt. Ltd. _cTextual |
||
| 040 |
_aCRL _cCRL _bpan |
||
| 041 |
_2pan _apan |
||
| 082 | _aQ8441vL65, 153Q9 | ||
| 100 | _aਸਿੰਘ, ਤੇਜਾ, ਂਚ. | ||
| 245 | 0 | _aਸਿੱਖ ਇਤਿਹਾਸ (1469-1765) | |
| 260 |
_aਪਟਿਆਲਾ _bੁਪਬਲੀਕੇFਨ ਬਿਊਰੋ ਭਾਰਤ _c2019 |
||
| 300 |
_a184ਪ੍ਰ0 _ccm. |
||
| 650 |
_aਸਿੱਖ ਧਰਮ _9156314 |
||
| 942 |
_hQ8441vL65, 153Q9 _cTEXL _2cc |
||
| 999 |
_c1027879 _d1027879 |
||